Fr. Conceicao Rodrigues College of Engineering

HEAT AND MASS TRANSER (Record no. 27856)

MARC details
000 -LEADER
fixed length control field 00207nam a2200109Ia 4500
100 ## - MAIN ENTRY--PERSONAL NAME
Personal name #N/A
245 ## - TITLE STATEMENT
Title HEAT AND MASS TRANSER
260 ## - PUBLICATION, DISTRIBUTION, ETC.
Name of publisher, distributor, etc. CENTRAL PUBLICATION
300 ## - PHYSICAL DESCRIPTION
Extent 860
942 ## - ADDED ENTRY ELEMENTS (KOHA)
Koha item type BOOK
Holdings
Withdrawn status Lost status Damaged status Not for loan Collection Home library Current library Date acquired Total Checkouts Full call number Barcode Date last seen Price effective from Koha item type
        ME Fr. Agnel's C.Rodrigues College of Engineering Fr. Agnel's C.Rodrigues College of Engineering 17/03/2023   ME2 17/03/2023   BOOK